000
00247nam a22001217a 4500
008
180112b xxu||||| |||| 00| 0 eng d
041
_a
eng
080
_a
004
100
_a
30
101
_a
SHKI
245
_a
Sequencer
_c
Windows
942
_2
udc
_c
BK
999
_c
40196
_d
40196